Al servicio de la comunidad humana: una consideración ética de la deuda internacional

Shranjeno v:
Bibliografske podrobnosti
Korporativna značnica: Pontificia Comision Iustitia et Pax (Author)
Format: Knjiga
Jezik:španščina
Izdano: Santiago Paulinas 1987
Teme:
Oznake: Označite
Brez oznak, prvi označite!

MARC

LEADER 00000nam a2200000 a 4500
001 UCS5220
003 CL-VaPUC
008 970830e19870000CL |||||||||||||||||spa|d
082 0 4 |a 336.34  |b PON  |2 21 
110 2 |a Pontificia Comision Iustitia et Pax  |e author  |9 391069 
245 1 0 |a Al servicio de la comunidad humana: una consideración ética de la deuda internacional 
300 |a 31 p 
942 |c BK 
945 |d 19970830 00:00:00  |a jquezada 
260 |a Santiago  |b Paulinas  |c 1987 
650 7 |a DEUDA EXTERNA  |2 CL-VaPUC  |9 314619 
650 7 |a PRESTAMOS INTERNACIONALES  |2 CL-VaPUC  |9 318076 
650 0 |a Deuda pública  |9 317902 
650 7 |a DEUDA EXTERNA  |2 CL-VaPUC  |9 314619 
650 0 |a Economía   |9 255568 
651 7 |a CHILE  |2 CL-VaPUC  |9 391070 
651 0 |a América Latina   |9 255027 
583 |a last modification  |c 19970830 00:00:00  |k Rodrigo Vera 
999 |c 261839  |d 261837 
952 |0 0  |1 0  |2 ddc  |4 0  |6 336_340000000000000_PON_1987  |7 0  |8 A  |9 289680  |a BIBDER  |b BIBDER  |d 2019-11-19  |i 3331644  |o 336.34 PON 1987  |p 3331644  |r 2023-01-25  |w 2019-11-19  |y MX  |k DER 
952 |0 0  |1 0  |4 0  |6 336_340000000000000_PON_1987  |7 0  |8 A  |9 289681  |a BIBTEO  |b BIBTEO  |d 2019-11-19  |i 3381943  |o 336.34 PON 1987  |p 3381943  |r 2025-01-17  |w 2019-11-19  |y BK  |k ICR 
952 |0 0  |1 0  |4 0  |6 336_340000000000000_PON_1987  |7 0  |8 A  |9 289682  |a BIBTEO  |b BIBTEO  |d 2019-11-19  |i 3381951  |o 336.34 PON 1987  |p 3381951  |r 2025-01-17  |w 2019-11-19  |y BK  |k ICR 
952 |0 0  |1 0  |4 0  |6 336_340000000000000_PON_1987  |7 0  |8 A  |9 289683  |a BIBTEO  |b BIBTEO  |d 2019-11-19  |i 338196K  |o 336.34 PON 1987  |p 338196K  |r 2025-01-17  |w 2019-11-19  |y BK  |k ICR 
952 |0 0  |1 0  |4 0  |6 336_340000000000000_PON_1987  |7 0  |8 A  |9 289684  |a BIBTEO  |b BIBTEO  |d 2019-11-19  |i 3381978  |o 336.34 PON 1987  |p 3381978  |r 2025-01-17  |w 2019-11-19  |y BK  |k ICR 
952 |0 0  |1 0  |4 0  |6 336_340000000000000_PON_1987  |7 0  |8 A  |9 289685  |a BIBTEO  |b BIBTEO  |d 2019-11-19  |i 3381986  |o 336.34 PON 1987  |p 3381986  |r 2025-01-17  |w 2019-11-19  |y BK  |k ICR 
952 |0 0  |1 0  |4 0  |6 336_340000000000000_PON_1987  |7 0  |8 A  |9 289686  |a BIBTEO  |b BIBTEO  |d 2019-11-19  |i 3381994  |o 336.34 PON 1987  |p 3381994  |r 2025-01-17  |w 2019-11-19  |y BK  |k ICR 
952 |0 0  |1 0  |4 0  |6 336_340000000000000_PON_1987  |7 0  |8 A  |9 289687  |a BIBTEO  |b BIBTEO  |d 2019-11-19  |i 3382001  |o 336.34 PON 1987  |p 3382001  |r 2025-01-17  |w 2019-11-19  |y BK  |k ICR 
952 |0 0  |1 0  |4 0  |6 336_340000000000000_PON_1987  |7 0  |8 A  |9 289688  |a BIBTEO  |b BIBTEO  |d 2019-11-19  |i 338201K  |o 336.34 PON 1987  |p 338201K  |r 2025-01-17  |w 2019-11-19  |y BK  |k ICR 
952 |0 0  |1 2  |4 0  |6 336_340000000000000_PON_1987  |7 0  |8 A  |9 289689  |a BIBTEO  |b BIBTEO  |d 2019-11-19  |i 3382028  |o 336.34 PON 1987  |p 3382028  |r 2019-11-19  |w 2019-11-19  |x Descarte 2019  |y BK  |k ICR 
952 |0 0  |1 0  |4 0  |6 336_340000000000000_PON_1987  |7 0  |8 A  |9 289690  |a BIBTEO  |b BIBTEO  |d 2019-11-19  |i 3382036  |o 336.34 PON 1987  |p 3382036  |r 2025-01-17  |w 2019-11-19  |y BK  |k ICR